NCAA Colleges in Nebraska - Statistics

General Stats
  • This quiz has been taken 365 times
  • The average score is 4 of 6
Answer Stats
Division Team Name University % Correct
Division I Bluejays Creighton
92%
Division I Mavericks Nebraska - Omaha
91%
Division I Falcons Nebraska
80%
Division II Lopers Nebraska - Kearney
67%
Division II Eagles Chadron State
42%
Division II Wildcats Wayne State
42%
No matching quizzes found
Score Distribution
Percent of People with Each Score
Percentile by Number Answered
Your Score History
You have not taken this quiz